[Event "HUN-chT2 Asztalos 2324"]
[Site "Hungary"]
[Date "2024.05.12"]
[Round "9.4"]
[White "Nagybiro, Laszlo"]
[Black "Lukacs, Albert"]
[Result "1-0"]
[WhiteElo "2102"]
[BlackElo "1927"]
[PlyCount "76"]
[EventDate "2023.10.08"]
[EventType "team-tourn"]
[EventRounds "9"]
[EventCountry "HUN"]
[SourceTitle "EXT 2025"]
[Source "ChessBase"]
[SourceDate "2024.10.14"]
[SourceVersion "1"]
[SourceVersionDate "2024.10.14"]
[SourceQuality "1"]
[WhiteTeam "Decs 1990"]
[BlackTeam "Kalocsai"]
[WhiteTeamCountry "HUN"]
[BlackTeamCountry "HUN"]

1. d4 Nf6 2. c4 g6 3. Nc3 Bg7 4. e4 d6 5. Be2 c6 6. h3 Nbd7 7. Nf3 Qc7 8. Be3 a5 9. a3 Rb8 10. Rc1 b6 11. b4 e6 12. 0-0 0-0 13. d5 e5 14. dxc6 Qxc6 15. Nd5 Re8 16. Nd2 Qb7 17. bxa5 bxa5 18. Qa4 Nxd5 19. cxd5 Nf6 20. Rb1 Bd7 21. Qxa5 Ra8 22. Rxb7 Rxa5 23. Nc4 Rb5 24. Nb6 Rb2 25. Re1 Bb5 26. Bxb5 Rxb5 27. f3 h6 28. a4 Ra5 29. Rc1 Nh5 30. Rcc7 Rf8 31. Ra7 Rxa7 32. Rxa7 f5 33. a5 fxe4 34. fxe4 Kh7 35. Nc4 Nf4 36. Nxd6 Ne2+ 37. Kh2 Kg8 38. a6 Bf6 1-0

[Event "HUN-chT2 Asztalos 2324"]
[Site "Hungary"]
[Date "2024.04.07"]
[Round "7.4"]
[White "Ferenczy, Mate"]
[Black "Lukacs, Albert"]
[Result "1-0"]
[WhiteElo "2042"]
[BlackElo "1927"]
[PlyCount "41"]
[EventDate "2023.10.08"]
[EventType "team-tourn"]
[EventRounds "9"]
[EventCountry "HUN"]
[SourceTitle "EXT 2025"]
[Source "ChessBase"]
[SourceDate "2024.10.14"]
[SourceVersion "1"]
[SourceVersionDate "2024.10.14"]
[SourceQuality "1"]
[WhiteTeam "Marcali"]
[BlackTeam "Kalocsai"]
[WhiteTeamCountry "HUN"]
[BlackTeamCountry "HUN"]

1. e4 c6 2. c4 d5 3. exd5 cxd5 4. cxd5 Nf6 5. Nc3 Nxd5 6. Bc4 Nxc3 7. bxc3 Qc7 8. Bb3 e5 9. Ne2 Bg4 10. 0-0 Be7 11. d3 0-0 12. h3 Bh5 13. f4 exf4 14. Bxf4 Bd6 15. Qd2 Nd7 16. Bxd6 Qxd6 17. Nf4 Qh6 18. Qf2 Ne5 19. Qh4 Qb6+ 20. d4 Bg6 21. Nd5 1-0

[Event "HUN-chT2 Asztalos 2324"]
[Site "Hungary"]
[Date "2024.03.03"]
[Round "5.5"]
[White "Lukacs, Albert"]
[Black "Gyorgy, Gergely"]
[Result "1-0"]
[WhiteElo "1927"]
[BlackElo "1828"]
[PlyCount "63"]
[EventDate "2023.10.08"]
[EventType "team-tourn"]
[EventRounds "9"]
[EventCountry "HUN"]
[SourceTitle "EXT 2025"]
[Source "ChessBase"]
[SourceDate "2024.10.14"]
[SourceVersion "1"]
[SourceVersionDate "2024.10.14"]
[SourceQuality "1"]
[WhiteTeam "Kalocsai"]
[BlackTeam "Komlo"]
[WhiteTeamCountry "HUN"]
[BlackTeamCountry "HUN"]

1. e3 c5 2. d4 cxd4 3. exd4 Nf6 4. Nf3 e6 5. Bd3 Nc6 6. 0-0 Be7 7. Nc3 a6 8. Ne2 0-0 9. c3 h6 10. Ng3 d5 11. Ne5 Nxe5 12. dxe5 Nd7 13. Qh5 f5 14. Qe2 b5 15. Nh5 Qc7 16. Re1 Bc5 17. Be3 Bb7 18. Bd4 Rac8 19. Nf4 Qc6 20. Qh5 Qb6 21. Rad1 Rc6 22. Qg6 Rf7 23. Bxc5 Nxc5 24. Nh5 Nd7 25. Qg3 Rc8 26. Bxf5 g5 27. Bg6 Re7 28. h4 Rf8 29. hxg5 hxg5 30. Rd4 Rf5 31. Bxf5 exf5 32. Qxg5+ 1-0

[Event "HUN-chT2 Asztalos 2324"]
[Site "Hungary"]
[Date "2023.10.29"]
[Round "2.5"]
[White "Lukacs, Albert"]
[Black "Molnar, Aurel"]
[Result "1-0"]
[WhiteElo "1927"]
[BlackElo "2195"]
[PlyCount "61"]
[EventDate "2023.10.08"]
[EventType "team-tourn"]
[EventRounds "9"]
[EventCountry "HUN"]
[SourceTitle "EXT 2025"]
[Source "ChessBase"]
[SourceDate "2024.10.14"]
[SourceVersion "1"]
[SourceVersionDate "2024.10.14"]
[SourceQuality "1"]
[WhiteTeam "Kalocsai"]
[BlackTeam "Nagyatad"]
[WhiteTeamCountry "HUN"]
[BlackTeamCountry "HUN"]

1. e3 Nf6 2. d4 e6 3. c4 d5 4. Nf3 c6 5. Bd3 Nbd7 6. 0-0 Bd6 7. Nbd2 0-0 8. e4 dxe4 9. Nxe4 Nxe4 10. Bxe4 h6 11. b3 e5 12. Bb2 f5 13. Bc2 e4 14. Ne5 Nxe5 15. dxe5 Bc5 16. Bc3 Qe7 17. Qe2 Bd7 18. b4 Bb6 19. Rad1 Be8 20. c5 Bc7 21. e6 Qh4 22. g3 Qh3 23. Qc4 Bh5 24. Rd7 Bf3 25. Rxg7+ Kh8 26. Rxc7+ Kg8 27. Rg7+ Kh8 28. Rxb7+ Kg8 29. Rg7+ Kh8 30. Rxa7+ Kg8 31. e7+ 1-0

[Event "HUN-chT2 Erkel 2122"]
[Site "Hungary"]
[Date "2021.12.05"]
[Round "3.7"]
[White "Egyed, Andras"]
[Black "Lukacs, Albert"]
[Result "1-0"]
[WhiteElo "2232"]
[BlackElo "1918"]
[PlyCount "101"]
[EventDate "2021.10.10"]
[EventType "team-tourn"]
[EventRounds "9"]
[EventCountry "HUN"]
[SourceTitle "EXT 2025"]
[Source "ChessBase"]
[SourceDate "2024.10.14"]
[SourceVersion "1"]
[SourceVersionDate "2024.10.14"]
[SourceQuality "1"]
[WhiteTeam "Kekes"]
[BlackTeam "Fot"]
[WhiteTeamCountry "HUN"]
[BlackTeamCountry "HUN"]

1. d4 d5 2. Nf3 g6 3. Bf4 Bg7 4. Nbd2 Nf6 5. h3 0-0 6. e3 b6 7. Bd3 Bb7 8. 0-0 Nbd7 9. Ne5 c5 10. c3 Re8 11. Be2 Bf8 12. Re1 Nxe5 13. Bxe5 Nd7 14. Bg3 Bg7 15. Qa4 a6 16. Nf3 Rc8 17. Rac1 Bc6 18. Qd1 Bb7 19. Qd2 c4 20. Ne5 Nf6 21. f3 b5 22. Bd1 Nh5 23. Bh2 f6 24. g4 fxe5 25. gxh5 e4 26. hxg6 hxg6 27. Qg2 Rc6 28. fxe4 dxe4 29. Qxe4 e5 30. Bf3 Rb6 31. Qg4 e4 32. Be2 Rf8 33. Rf1 Rbf6 34. Rxf6 Rxf6 35. Bf4 Rf5 36. Rf1 Qf6 37. Be5 Rxf1+ 38. Bxf1 Qf7 39. Bxg7 Kxg7 40. Bg2 Qe7 41. h4 Kh6 42. a3 Bd5 43. Qf4+ Kg7 44. Kf2 Bc6 45. Qe5+ Qxe5 46. dxe5 Kh6 47. Kg3 g5 48. Bh3 Kg6 49. Bc8 a5 50. Kg4 gxh4 51. Kxh4 1-0

[Event "HUN-chT2 Erkel 1819"]
[Site "Hungary"]
[Date "2019.03.31"]
[Round "8.8"]
[White "Kiss, Pal Vac"]
[Black "Lukacs, Albert"]
[Result "1/2-1/2"]
[WhiteElo "1957"]
[BlackElo "1943"]
[PlyCount "35"]
[EventDate "2018.10.28"]
[EventType "team-tourn"]
[EventRounds "9"]
[EventCountry "HUN"]
[SourceTitle "EXT 2021"]
[Source "ChessBase"]
[SourceDate "2020.10.23"]
[SourceVersion "1"]
[SourceVersionDate "2020.10.23"]
[SourceQuality "1"]
[WhiteTeam "Vac"]
[BlackTeam "Andornaktalya"]
[WhiteTeamCountry "HUN"]
[BlackTeamCountry "HUN"]

1. e4 c5 2. Nf3 e6 3. d4 cxd4 4. Nxd4 a6 5. Bd3 Qc7 6. Nc3 Nc6 7. Nxc6 dxc6 8. a4 c5 9. Qe2 Ne7 10. 0-0 Nc6 11. Be3 Bd7 12. f4 Nb4 13. Bc4 0-0-0 14. Nb1 Nc6 15. c3 f6 16. Nd2 e5 17. f5 Be7 18. Nb3 1/2-1/2

[Event "Budapest-chT1 Lilienthal 1718"]
[Site "Budapest"]
[Date "2018.01.21"]
[Round "7"]
[White "Lukacs, Albert"]
[Black "Toth, Nikoletta"]
[Result "1-0"]
[WhiteElo "1929"]
[BlackElo "1966"]
[PlyCount "43"]
[EventDate "2017.10.01"]
[EventType "team-tourn"]
[EventRounds "13"]
[EventCountry "HUN"]
[SourceTitle "EXT 2021"]
[Source "ChessBase"]
[SourceDate "2020.10.23"]
[SourceVersion "1"]
[SourceVersionDate "2020.10.23"]
[SourceQuality "1"]
[WhiteTeam "Palota Sakk"]
[BlackTeam "Barcza GSC"]
[WhiteTeamCountry "HUN"]
[BlackTeamCountry "HUN"]

1. e4 e5 2. Nf3 Nc6 3. Bc4 Bc5 4. 0-0 Nf6 5. d3 h6 6. c3 d6 7. a4 a6 8. Nbd2 0-0 9. b4 Ba7 10. Bb2 Be6 11. Qb3 Qd7 12. Bxe6 fxe6 13. d4 Kh7 14. b5 axb5 15. axb5 Ne7 16. dxe5 dxe5 17. Ba3 Rfe8 18. Rad1 Ng6 19. Nc4 Qf7 20. Qc2 Nd7 21. Bb4 h5 22. Ng5+ 1-0

[Event "Budapest FS04 FM"]
[Site "Budapest"]
[Date "2017.04.10"]
[Round "9"]
[White "Hradeczky, Tamas"]
[Black "Lukacs, Albert"]
[Result "1-0"]
[WhiteElo "2218"]
[BlackElo "1952"]
[PlyCount "155"]
[EventDate "2017.04.01"]
[EventType "tourn"]
[EventRounds "10"]
[EventCountry "HUN"]
[SourceTitle "CBM 177 Extra"]
[Source "ChessBase"]
[SourceDate "2017.04.27"]
[SourceVersion "1"]
[SourceVersionDate "2017.04.27"]
[SourceQuality "1"]

1. d4 d5 2. Nf3 Nf6 3. c4 e6 4. Nc3 Nbd7 5. cxd5 Nxd5 6. e4 Nxc3 7. bxc3 Nf6 8. Bd3 Bd7 9. 0-0 Be7 10. Qe2 0-0 11. e5 Ne8 12. Qe4 f5 13. exf6 Nxf6 14. Qh4 Qe8 15. Ne5 Nh5 16. Qh3 g6 17. Re1 Ng7 18. Bh6 Bf6 19. Bc4 Bc8 20. Ng4 Qc6 21. Bb3 Bd7 22. Rad1 Kh8 23. Qd3 Qd6 24. Qg3 Rae8 25. Nxf6 Rxf6 26. Qe5 Qxe5 27. Rxe5 Rf5 28. Rxf5 gxf5 29. Bf4 c6 30. Be5 Kg8 31. Rd3 Kf7 32. Rh3 Rh8 33. Rh6 b5 34. Bd1 Kg8 35. h3 Be8 36. Bxg7 Kxg7 37. Rxe6 a5 38. a3 Rf8 39. Bf3 Kf7 40. Re5 Kg6 41. g3 Bd7 42. Re7 Rd8 43. Bxc6 Bxc6 44. Re6+ Kg7 45. Rxc6 b4 46. axb4 axb4 47. cxb4 Rxd4 48. b5 Rb4 49. b6 Rb3 50. Rc7+ Kg6 51. b7 h6 52. Kf1 Rb2 53. Ke1 Kf6 54. Kd1 Ke5 55. Kc1 Rb6 56. Re7+ Kd4 57. Kc2 Rb5 58. g4 fxg4 59. hxg4 Kd5 60. Kd3 Rb3+ 61. Ke2 Kd6 62. Rh7 Ke5 63. f3 Rb2+ 64. Ke3 Rb3+ 65. Kf2 Kf4 66. Rf7+ Kg5 67. Kg3 Kg6 68. Rc7 Rb1 69. Kf4 Kf6 70. Ke4 Rb5 71. Kd4 Rb1 72. Kc5 Ke5 73. Re7+ Kf4 74. Rf7+ Ke5 75. Kc6 Rc1+ 76. Kd7 Rb1 77. Kc8 Ke6 78. Rc7 1-0

[Event "HUN-chT2 Erkel 1516"]
[Site "Hungary"]
[Date "2016.04.17"]
[Round "11.12"]
[White "Lukacs, Albert"]
[Black "Varga, Istvan"]
[Result "1-0"]
[WhiteElo "1897"]
[BlackElo "1678"]
[PlyCount "81"]
[EventDate "2015.09.13"]
[EventType "team-tourn"]
[EventRounds "11"]
[EventCountry "HUN"]
[SourceTitle "EXT 2017"]
[Source "ChessBase"]
[SourceDate "2016.10.25"]
[SourceVersion "1"]
[SourceVersionDate "2016.10.25"]
[SourceQuality "1"]
[WhiteTeam "Barcza BEAC"]
[BlackTeam "Matra"]
[WhiteTeamCountry "HUN"]
[BlackTeamCountry "HUN"]

1. e4 c5 2. Nf3 Nc6 3. Bb5 Qc7 4. Nc3 e6 5. 0-0 a6 6. Bxc6 Qxc6 7. Re1 Ne7 8. d4 cxd4 9. Qxd4 Ng6 10. Nd5 d6 11. Re3 Ne7 12. Rc3 exd5 13. Rxc6 bxc6 14. exd5 Nxd5 15. c4 Nf6 16. Bf4 c5 17. Re1+ Be6 18. Qd1 Nh5 19. Bxd6 0-0-0 20. Ng5 Nf6 21. Qf3 Bxd6 22. Qa8+ Kc7 23. Qa7+ Kc8 24. Qxa6+ Kc7 25. Qa7+ Kc6 26. b4 Bxc4 27. a4 cxb4 28. Nf3 Bc5 29. Ne5+ Kd5 30. Qxf7+ Kd6 31. Nxc4+ Kc6 32. Na5+ Kd6 33. Re6+ Kd5 34. Rxf6+ Kd4 35. Qc4+ Ke5 36. Qe6+ Kd4 37. Qe3+ Kd5 38. Rf5+ Kd6 39. Qxc5+ Kd7 40. Qd5+ Kc8 41. Qb7# 1-0

[Event "Budapest FS12 FM-A"]
[Site "Budapest"]
[Date "2014.12.10"]
[Round "5"]
[White "Lukacs, Albert"]
[Black "Ding, Tze How Dilwen"]
[Result "1/2-1/2"]
[WhiteElo "1883"]
[BlackElo "1813"]
[PlyCount "65"]
[EventDate "2014.12.06"]
[EventType "tourn"]
[EventRounds "9"]
[EventCountry "HUN"]
[SourceTitle "CBM 163 Extra"]
[Source "ChessBase"]
[SourceDate "2014.12.23"]
[SourceVersion "1"]
[SourceVersionDate "2014.12.23"]
[SourceQuality "1"]

1. e4 c5 2. Nf3 e6 3. d4 cxd4 4. Nxd4 Nc6 5. Nxc6 bxc6 6. Be2 d5 7. exd5 cxd5 8. Qd4 Nf6 9. 0-0 Be7 10. Bf4 0-0 11. Nc3 Bb7 12. Bg5 h6 13. Bh4 Nd7 14. Bxe7 Qxe7 15. f4 Qc5 16. Rad1 Rac8 17. Qxc5 Nxc5 18. Rd4 Ne4 19. Nxe4 dxe4 20. c4 Rfd8 21. Rfd1 Rxd4 22. Rxd4 Rc7 23. Rd8+ Kh7 24. b4 Kg6 25. g3 Kf5 26. Kf2 e5 27. Ke3 exf4+ 28. gxf4 g5 29. fxg5 hxg5 30. c5 Kg6 31. Rg8+ Kh6 32. Bg4 Bd5 33. Bf5 1/2-1/2

[Event "Budapest FS10 FM-A"]
[Site "Budapest"]
[Date "2014.10.10"]
[Round "7"]
[White "Lukacs, Albert"]
[Black "Tran, Minh Thang"]
[Result "0-1"]
[WhiteElo "1927"]
[BlackElo "2053"]
[PlyCount "36"]
[EventDate "2014.10.04"]
[EventType "tourn"]
[EventRounds "9"]
[EventCountry "HUN"]
[SourceTitle "CBM 162 Extra"]
[Source "ChessBase"]
[SourceDate "2014.10.17"]
[SourceVersion "1"]
[SourceVersionDate "2014.10.17"]
[SourceQuality "1"]

1. e4 c5 2. Nf3 e6 3. Nc3 a6 4. Be2 Nc6 5. 0-0 Be7 6. d3 Qc7 7. Bg5 Nd4 8. Re1 Nxf3+ 9. Bxf3 Bxg5 10. e5 Nh6 11. d4 cxd4 12. Qxd4 0-0 13. h4 Be7 14. Be4 d5 15. Bd3 f6 16. Qf4 fxe5 17. Qg3 Nf5 18. Bxf5 Rxf5 0-1

[Event "Budapest FS10 FM-A"]
[Site "Budapest"]
[Date "2014.10.05"]
[Round "2"]
[White "Marta, Dominik"]
[Black "Lukacs, Albert"]
[Result "1-0"]
[WhiteElo "1982"]
[BlackElo "1927"]
[PlyCount "59"]
[EventDate "2014.10.04"]
[EventType "tourn"]
[EventRounds "9"]
[EventCountry "HUN"]
[SourceTitle "CBM 162 Extra"]
[Source "ChessBase"]
[SourceDate "2014.10.17"]
[SourceVersion "1"]
[SourceVersionDate "2014.10.17"]
[SourceQuality "1"]

1. d4 f5 2. Nf3 Nf6 3. g3 e6 4. Bg2 Be7 5. 0-0 0-0 6. c4 d6 7. Nc3 Kh8 8. Qc2 Nbd7 9. Re1 e5 10. e4 fxe4 11. Nxe4 Nxe4 12. Qxe4 Nf6 13. Qe2 Bg4 14. dxe5 dxe5 15. Qxe5 Bb4 16. Rf1 Qd3 17. Qd4 Qc2 18. h3 Rad8 19. Qf4 Bh5 20. Qxc7 Rd7 21. Qe5 Qxc4 22. Bf4 Re8 23. Qg5 Qe2 24. Ne5 Rde7 25. Qh4 Bc5 26. g4 Bf7 27. Rae1 Qb5 28. g5 Ng8 29. Nxf7+ Rxf7 30. g6 1-0

[Event "Budapest FS09 FM-A"]
[Site "Budapest"]
[Date "2014.09.15"]
[Round "10"]
[White "Lukacs, Albert"]
[Black "Berta, Sandor Martin"]
[Result "0-1"]
[WhiteElo "1953"]
[BlackElo "2022"]
[PlyCount "102"]
[EventDate "2014.09.06"]
[EventType "tourn"]
[EventRounds "11"]
[EventCountry "HUN"]
[SourceTitle "CBM 162 Extra"]
[Source "ChessBase"]
[SourceDate "2014.10.17"]
[SourceVersion "1"]
[SourceVersionDate "2014.10.17"]
[SourceQuality "1"]

1. e4 c5 2. Nf3 e6 3. Nc3 Nc6 4. d4 cxd4 5. Nxd4 Nf6 6. a3 a6 7. Bf4 d6 8. Bg3 e5 9. Nxc6 bxc6 10. Bc4 Rb8 11. 0-0 Be7 12. f4 Qb6+ 13. Kh1 exf4 14. Rxf4 0-0 15. Bf2 Qc7 16. Qf3 Be6 17. Bd3 Nd7 18. Bd4 Ne5 19. Qg3 Qd8 20. b4 Bg5 21. Rff1 Bh4 22. Qe3 a5 23. Ba7 Rb7 24. Ba6 Ng4 25. Qg1 Rxa7 26. Qxa7 Bf6 27. Rf3 Bxc3 28. Raf1 Be5 29. g3 axb4 30. axb4 Qb8 31. Qb7 Qxb7 32. Bxb7 Bc4 33. Rb1 Bd4 34. Ra3 Ne5 35. Rd1 Bb2 36. Ra8 Rxa8 37. Bxa8 Kf8 38. Rxd6 Ke7 39. Rd1 Be2 40. Rd2 Bf3+ 41. Kg1 Bxe4 42. Kf2 Bc3 43. Re2 Bd5 44. b5 Bc4 45. Re4 Bxb5 46. Ke3 g5 47. g4 Kd6 48. h4 h6 49. hxg5 hxg5 50. Kf2 Kd5 51. Ke3 Nc4+ 0-1

[Event "Budapest FS09 FM-A"]
[Site "Budapest"]
[Date "2014.09.13"]
[Round "8"]
[White "Lukacs, Albert"]
[Black "Silva, Goncalo Nuno Neto"]
[Result "0-1"]
[WhiteElo "1953"]
[BlackElo "1966"]
[PlyCount "102"]
[EventDate "2014.09.06"]
[EventType "tourn"]
[EventRounds "11"]
[EventCountry "HUN"]
[SourceTitle "CBM 162 Extra"]
[Source "ChessBase"]
[SourceDate "2014.10.17"]
[SourceVersion "1"]
[SourceVersionDate "2014.10.17"]
[SourceQuality "1"]

1. e4 c5 2. Nf3 Nc6 3. Bc4 g6 4. 0-0 Bg7 5. c3 d6 6. h3 Nf6 7. d3 0-0 8. Be3 a6 9. a4 Rb8 10. Nbd2 b5 11. axb5 axb5 12. Bb3 Nd7 13. d4 b4 14. Qc2 Bb7 15. d5 Na5 16. c4 Qc7 17. Ba4 Nf6 18. Bf4 Bc8 19. e5 Nh5 20. exd6 exd6 21. Bh2 Bf5 22. Qc1 Bd3 23. Re1 Bh6 24. b3 Nb7 25. Qd1 f5 26. h4 Nd8 27. Ng5 Bxg5 28. Nf3 Bf6 29. Qxd3 Bxa1 30. Rxa1 Nf7 31. Re1 Rbd8 32. Qe3 Ng7 33. Bf4 Nh5 34. Bh2 Nf6 35. Ng5 Nxg5 36. hxg5 Nh5 37. Bc6 f4 38. Qe6+ Qf7 39. Re4 Kg7 40. Qg4 Qf5 41. f3 Kg8 42. Qh4 Rc8 43. Qe1 Qxg5 44. Qa1 Qf6 45. Qa7 Ng3 46. Bxg3 fxg3 47. Kf1 Qb2 48. Re2 Qc1+ 49. Re1 Qd2 50. Re2 Qd1+ 51. Re1 Rxf3+ 0-1

[Event "Budapest FS09 FM-A"]
[Site "Budapest"]
[Date "2014.09.11"]
[Round "6"]
[White "Lukacs, Albert"]
[Black "Juracsik, Jozsef"]
[Result "1/2-1/2"]
[WhiteElo "1953"]
[BlackElo "2116"]
[PlyCount "69"]
[EventDate "2014.09.06"]
[EventType "tourn"]
[EventRounds "11"]
[EventCountry "HUN"]
[SourceTitle "CBM 162 Extra"]
[Source "ChessBase"]
[SourceDate "2014.10.17"]
[SourceVersion "1"]
[SourceVersionDate "2014.10.17"]
[SourceQuality "1"]

1. e4 c5 2. Nf3 e6 3. d4 cxd4 4. Nxd4 a6 5. Be2 Nf6 6. Bf3 Qc7 7. 0-0 d6 8. Be3 Nbd7 9. Nd2 Be7 10. g3 0-0 11. Qe2 Ne5 12. Bg2 Neg4 13. Nc4 Nxe3 14. Nxe3 Bd7 15. Rad1 Rfe8 16. Rd2 g6 17. c4 Bf8 18. Qd1 Rad8 19. a3 Qa5 20. Re1 Ba4 21. b3 Bd7 22. b4 Qc7 23. Qf3 Bg7 24. Red1 Ba4 25. Rc1 d5 26. exd5 exd5 27. Ne2 Ne4 28. Rxd5 Bc6 29. Rxd8 Qxd8 30. Nf4 Nxf2 31. Nfd5 Ne4 32. Rd1 f5 33. Nc2 b5 34. Qb3 Kh8 35. c5 1/2-1/2

[Event "Budapest FS06 FM-A"]
[Site "Budapest"]
[Date "2014.06.14"]
[Round "8"]
[White "Szlenka, Attila"]
[Black "Lukacs, Albert"]
[Result "1/2-1/2"]
[WhiteElo "1802"]
[BlackElo "1943"]
[PlyCount "39"]
[EventDate "2014.06.07"]
[EventType "tourn"]
[EventRounds "11"]
[EventCountry "HUN"]
[SourceTitle "CBM 160 Extra"]
[Source "ChessBase"]
[SourceDate "2014.07.01"]
[SourceVersion "1"]
[SourceVersionDate "2014.07.01"]
[SourceQuality "1"]

1. Nf3 Nf6 2. c4 c6 3. g3 d5 4. cxd5 cxd5 5. Bg2 Nc6 6. 0-0 e5 7. d3 h6 8. b3 Bd6 9. Bb2 0-0 10. Nbd2 Bg4 11. h3 Be6 12. e4 d4 13. Nc4 Bc7 14. Ba3 Re8 15. Rc1 Qd7 16. Kh2 b5 17. Ncxe5 Nxe5 18. Nxe5 Bxe5 19. f4 Bg4 20. Qd2 1/2-1/2

[Event "Budapest FS06 FM-A"]
[Site "Budapest"]
[Date "2014.06.10"]
[Round "4"]
[White "Lukacs, Albert"]
[Black "Steer, Jozsef"]
[Result "1/2-1/2"]
[WhiteElo "1943"]
[BlackElo "1893"]
[PlyCount "24"]
[EventDate "2014.06.07"]
[EventType "tourn"]
[EventRounds "11"]
[EventCountry "HUN"]
[SourceTitle "CBM 160 Extra"]
[Source "ChessBase"]
[SourceDate "2014.07.01"]
[SourceVersion "1"]
[SourceVersionDate "2014.07.01"]
[SourceQuality "1"]

1. e4 c6 2. d4 d5 3. exd5 cxd5 4. Bd3 Nc6 5. c3 Nf6 6. Ne2 Bg4 7. 0-0 e6 8. Bf4 Be7 9. Nd2 0-0 10. f3 Bh5 11. Qc2 Bg6 12. Bxg6 hxg6 1/2-1/2

[Event "Budapest FS06 FM-A"]
[Site "Budapest"]
[Date "2014.06.08"]
[Round "2"]
[White "Lukacs, Albert"]
[Black "Berta, Sandor Martin"]
[Result "1/2-1/2"]
[WhiteElo "1943"]
[BlackElo "2024"]
[PlyCount "57"]
[EventDate "2014.06.07"]
[EventType "tourn"]
[EventRounds "11"]
[EventCountry "HUN"]
[SourceTitle "CBM 160 Extra"]
[Source "ChessBase"]
[SourceDate "2014.07.01"]
[SourceVersion "1"]
[SourceVersionDate "2014.07.01"]
[SourceQuality "1"]

1. e4 d6 2. d4 Nf6 3. Nc3 g6 4. Be2 Bg7 5. Be3 0-0 6. Qd2 e5 7. 0-0-0 exd4 8. Bxd4 Nc6 9. Be3 Re8 10. f3 Qe7 11. Bg5 Qe5 12. Nh3 Be6 13. a3 Rab8 14. Be3 Bxh3 15. gxh3 b5 16. Bf4 Qh5 17. Nd5 b4 18. a4 Nxd5 19. Qxd5 Ne5 20. Kb1 Qxh3 21. Rhg1 Qe6 22. Qxe6 fxe6 23. Be3 Rf8 24. Rg3 Rbd8 25. f4 Nd7 26. Bc4 Nf6 27. Bxe6+ Kh8 28. Bd5 Rde8 29. Bc6 1/2-1/2

[Event "Budapest FS06 FM-A"]
[Site "Budapest"]
[Date "2014.06.07"]
[Round "1"]
[White "Bartha, Sandor"]
[Black "Lukacs, Albert"]
[Result "1-0"]
[WhiteElo "2048"]
[BlackElo "1943"]
[PlyCount "129"]
[EventDate "2014.06.07"]
[EventType "tourn"]
[EventRounds "11"]
[EventCountry "HUN"]
[SourceTitle "CBM 160 Extra"]
[Source "ChessBase"]
[SourceDate "2014.07.01"]
[SourceVersion "1"]
[SourceVersionDate "2014.07.01"]
[SourceQuality "1"]

1. c4 c5 2. g3 g6 3. Bg2 Bg7 4. Nc3 e6 5. Nf3 Nc6 6. 0-0 Nge7 7. d3 0-0 8. Bg5 h6 9. Bd2 Nf5 10. Ne1 d6 11. Rb1 e5 12. a3 a5 13. Nd5 Nfe7 14. b4 axb4 15. axb4 Nxd5 16. Bxd5 Ra2 17. bxc5 dxc5 18. Nf3 Kh7 19. Qb3 Ra6 20. Rfe1 Qc7 21. Bc3 Re8 22. Qb5 Bf8 23. Qb2 Bd6 24. e4 Re7 25. Nh4 Nd4 26. Bxd4 cxd4 27. Re2 Bc5 28. Ng2 Bg4 29. Rd2 g5 30. Rf1 Rb6 31. Qa1 Bb4 32. Ra2 Bc3 33. Qc1 Bf3 34. h3 Rb3 35. Kh2 Qc5 36. Ne1 Bh5 37. Ng2 Ba5 38. g4 Bg6 39. Rd1 Qb4 40. Qc2 b6 41. Ne1 f6 42. Rda1 Be8 43. Kg2 Kg7 44. Nf3 Rc3 45. Qd1 Rc7 46. Ne1 Bf7 47. Rb1 Qe7 48. Bxf7 Kxf7 49. Rb5 Ra3 50. Rab2 Bxe1 51. Qxe1 Rxd3 52. Rxb6 Rc3 53. Ra6 Ra3 54. Rab6 Rxc4 55. Qb1 Rac3 56. Qa2 Kg6 57. R2b5 Qe8 58. Rb8 Qf7 59. Qa8 Qe7 60. Qd5 Rc8 61. R5b7 R3c7 62. Rxc8 Rxb7 63. Qg8+ Qg7 64. Qe6 Rf7 65. Qf5# 1-0

[Event "Budapest FS03 FM-A"]
[Site "Budapest"]
[Date "2014.03.10"]
[Round "8"]
[White "Machlik, Edit"]
[Black "Lukacs, Albert"]
[Result "1-0"]
[WhiteElo "1885"]
[BlackElo "1902"]
[PlyCount "48"]
[EventDate "2014.03.01"]
[EventType "tourn"]
[EventRounds "9"]
[EventCountry "HUN"]
[SourceTitle "CBM 159 Extra"]
[Source "ChessBase"]
[SourceDate "2014.04.24"]
[SourceVersion "1"]
[SourceVersionDate "2014.04.24"]
[SourceQuality "1"]

1. d4 Nf6 2. c4 e6 3. Nc3 d5 4. cxd5 exd5 5. Bg5 Be7 6. e3 0-0 7. Qc2 h6 8. Bxf6 Bxf6 9. 0-0-0 Nc6 10. h3 Re8 11. Nge2 a5 12. g4 a4 13. Bg2 Nb4 14. Qd2 c6 15. Kb1 a3 16. b3 b6 17. Nf4 Ba6 18. Na4 Be7 19. Bf1 Bd6 20. Bxa6 Nxa6 21. Ng2 Bb4 22. Qd3 Qf6 23. Qc2 c5 24. Nf4 Nc7 1-0